000 00834nam a2200265 i 4500
001 8410
003 ES-MaACL
005 20231212062530.0
008 920616s1992 sp ||||1| spa d
020 _a84-322-0663-6
080 _a9.01
080 _a9(460)(04)
100 1 _aCaro Baroja, Julio,
_d1914-1995
_935403
245 1 4 _aLas falsificaciones de la historia
_b: en relación con la de España /
_cJulio Caro Baroja.
250 _a1ª ed.
260 _aBarcelona :
_bSeix Barral,
_c1992.
300 _a213 p., 33 p. de lám. ;
_c21 cm.
490 1 _aBiblioteca breve
504 _aReferencias bibliográficas.
650 4 _aHistoria-
_xCuriosidades y enigmas.
_913378
651 4 _aEspaña-
_xHistoria.
_98209
830 1 _aBiblioteca breve (Seix Barral)
_9227188
852 _aES-MaACL
_jL-15804
999 _c8410
_d8410